000 00446nam a2200181Ia 4500
008 131103s9999 xx 000 0 und d
040 _aLoreto College
041 _aEnglish
082 _aF/FYN
_bLCBED/11422
100 _aFynn
245 _aAnna's book
_cFynn
260 _aNew York
_bBallantine books
_c1986
300 _a70p.
_c 18cm.
650 _aEnglish fiction
651 _aEnglish literature
850 _aLCBED/F/FYN
942 _cBK
999 _c32453
_d82932